| 000 | 00881nam a2200253Ia 4500 | ||
|---|---|---|---|
| 003 | OSt | ||
| 005 | 20220925165322.0 | ||
| 006 | a|||||r|||| 00| 0 | ||
| 007 | ta | ||
| 008 | 220923b |||||||| |||| 00| 0 eng d | ||
| 037 | _cGeneral Book | ||
| 040 |
_aRTL _cRTL _beng |
||
| 041 |
_2eng _aeng |
||
| 082 | _aX:991.252.N59<--N55, K1 | ||
| 110 |
_aUttar Pradesh Government of... Economics and Statistics(Department of-) _9233023 |
||
| 245 | 0 | _aEmployment and unemployment in Uttar Pradesh (Dece | |
| 260 |
_aAllahabad _bSuptd Printing and Stationery India _c1961 |
||
| 300 |
_a18p. _ccm. |
||
| 490 | _aIts, Bulletin .54 | ||
| 650 |
_aLabour Market Economics - India _9233024 |
||
| 700 |
_aUttar Pradesh Government of... Economics and Statistics(Department of-) _9233025 |
||
| 942 |
_hX:991.252.N59<--N55, K1 _cGB _2CC |
||
| 999 |
_c476950 _d476950 |
||